• 首页
  • 本馆介绍
  • 公告通知
  • 最新文献
  • 馆藏检索
  • 电子资源
  • 读者导购
  • 参考咨询
  • 我的图书馆
  • 登录
  • 详细信息显示
  • 放入我的书架
  • 预约/预借图书
  • 作者相关作品
  • 分类相关作品
  • 丛书相关作品
  • 出版社相关作品

书目信息

  • 表格格式
  • 工作单格式
  • 卡片格式
题名:
机械制造工艺学原理与技术研究
    
 
作者: 陈星 , 李明辉 , 魏永辉 主编
分册:  
出版信息: 北京   中国水利水电出版社  2014
页数: 389页
开本: 26cm
丛书名:
单 册:
中图分类: TH16
科图分类:
主题词: 机械制造工艺--研究 , 机械制造工艺
电子资源:
ISBN: 978-7-5170-1748-6
000 01030nam0 2200265 450
001 012015000348
005 20150914104224.88
010    @a978-7-5170-1748-6@dCNY86.00
100    @a20140821d2014 em y0chiy50 ea
101 0  @achi
102    @aCN@b110000
105    @aa z 000yy
106    @ar
200 1  @a机械制造工艺学原理与技术研究@Aji xie zhi zao gong yi xue yuan li yu ji shu yan jiu@f陈星,李明辉,魏永辉主编
210    @a北京@c中国水利水电出版社@d2014
215    @a389页@c图@d26cm
330    @a本书主要包括金属切削原理与刀具、切削物理现象、机床及夹具,机械加工精度及控制、表面质量及控制和加工工艺规程等基础内容。另外还阐述了典型零件的工艺简介、机器装配工艺规程、先进制造技术与模式研究以及柔性制造系统技术等内容。
606 0  @a机械制造工艺@x研究
606 0  @a机械制造工艺
690    @aTH16@v5
701  0 @a陈星@Achen xing@c(女,@f1967~)@4主编
701  0 @a李明辉@Ali ming hui@f(1962~)@4主编
701  0 @a魏永辉@Awei yong hui@f(1979~)@4主编
801  0 @aCN@b碧洲教育@c20150716
905    @a10447@f4@dTH16@e18
    
    机械制造工艺学原理与技术研究/陈星,李明辉,魏永辉主编.-北京:中国水利水电出版社,2014
    389页:图;26cm
    
    
    ISBN 978-7-5170-1748-6:CNY86.00
    本书主要包括金属切削原理与刀具、切削物理现象、机床及夹具,机械加工精度及控制、表面质量及控制和加工工艺规程等基础内容。另外还阐述了典型零件的工艺简介、机器装配工艺规程、先进制造技术与模式研究以及柔性制造系统技术等内容。
●
相关链接 在E读中查询图书 在五车中查询图书 在当当中查询图书 在豆瓣中查询图书


正题名:机械制造工艺学原理与技术研究     索取号:TH16/18         预约/预借

序号 登录号 条形码 馆藏地/架位号 状态 备注
1 0849651   208496518   第二样本阅览室/ [索取号:TH16/18] 在馆    
2 0849652   208496527   第三借阅区/ [索取号:TH16/18] 在馆    
3 0849653   208496536   第三借阅区/ [索取号:TH16/18] 在馆    
4 0849654   208496545   第三借阅区/ [索取号:TH16/18] 在馆    
唐山师范学院图书馆 欢迎您!
大连网信软件有限公司© 版权所有